La araucana
Salvato in:
| Autore principale: | |
|---|---|
| Natura: | Libro |
| Lingua: | spagnolo |
| Pubblicazione: |
Santiago
Universitaria
1980
|
| Edizione: | 7a. ed |
| Serie: | Escritores Coloniales de Chile, 1
|
| Soggetti: | |
| Tags: |
Aggiungi Tag
Nessun Tag, puoi essere il primo ad aggiungerne!!
|
MARC
| LEADER | 00000cam a2200000 a 4500 | ||
|---|---|---|---|
| 001 | UCX6732 | ||
| 003 | CL-VaPUC | ||
| 008 | 930810e19800000CL |||||||||||||||||spa|d | ||
| 082 | 0 | 4 | |a 861 |b ERC |2 21 |
| 100 | |a Ercilla y Zúñiga, Alonso de |e autor |9 267605 | ||
| 245 | 1 | 3 | |a La araucana |
| 250 | |a 7a. ed | ||
| 300 | |a 180 p | ||
| 942 | |c BK | ||
| 945 | |d 19930810 00:00:00 | ||
| 260 | |a Santiago |b Universitaria |c 1980 | ||
| 650 | 0 | |a Poesía épica española |9 268761 | |
| 583 | |a last modification |c 20160726 05:54:09 |k Rodrigo Vera | ||
| 490 | 0 | |a Escritores Coloniales de Chile, 1 | |
| 999 | |c 226711 |d 226709 | ||
| 952 | |0 0 |1 0 |4 0 |6 861_000000000000000_ERC_1980 |7 0 |8 A |9 225260 |a BIBEDU |b BIBEDU |d 2019-11-15 |i 2939649 |o 861 ERC 1980 |p 2939649 |r 2019-11-15 |w 2019-11-15 |y BK |k LIT | ||
| 952 | |0 0 |1 0 |4 0 |6 861_000000000000000_ERC_1980 |7 0 |8 A |9 225261 |a BIBEDU |b BIBEDU |d 2019-11-15 |i 2939657 |o 861 ERC 1980 |p 2939657 |r 2019-11-15 |w 2019-11-15 |y BK |k LIT | ||
| 952 | |0 0 |1 0 |3 erb |4 0 |6 861_000000000000000_ERC_1980 |7 0 |8 A |9 225262 |a BIBHIS |b BIBHIS |e Villagrán Garnham, Jorge |i 5317819 |o 861 ERC 1980 |p 5317819 |r 2025-01-20 |w 2019-11-15 |y BK |z Catalogado en:20160731 |k HIS | ||